000
00299nam a22001337a 4500
008
170204b xxu||||| |||| 00| 0 eng d
020
_a
0914904809
041
_a
eng
080
_a
61
100
_a
3
101
_a
SHM
245
_a
MANAGING COMPUTERS IN HEALTH CARE
_c
WORTHLEY, J.A
942
_2
udc
_c
BK
999
_c
4572
_d
4572